000 00419cas a2200145 4500
008 131121n eng u
035 _a(Sirsi) a181725
050 _aKU 640 JAC 1967
100 1 _aJackson, David C.
245 _aPrinciples of property law/
_c by David C. Jackson
260 _aSydney :
_bLaw Books Co.,
_c1967
300 _axxxvi, 418p.
504 _aIncludes index
650 _aProperty -- Australia
999 _c120370
_d120370